Colorado Geography Quiz - Sudden Death - Statistics

General Stats
  • This quiz has been taken 511 times
  • The average score is 13 of 20
Answers on the Grid
Answers color-coded by a green-red scale on the quiz's grid according to % correct below.
Arkansas River
Aspen
Boise
Boulder
Cascade Mountains
Colorado River
Colorado Springs
Columbia River
Crater Lake National Park
Cumberland Gap
Death Valley National Park
Denver
El Paso
Four Corners
Gateway Arch National Park
Glacier National Park
Grand Junction
Great Salt Lake
Great Sand Dunes National Park
Gulf of Mexico
High Plains
Hoover Dam
Mesa Verde National Park
Missouri River
Mount Elbert
Mount Shasta
Pikes Peak
Portland
Pueblo
Red Rocks
Rio Grande
Rocky Mountains
San Juan Mountains
Sioux Falls
St. Louis
Texarkana
Topeka
U.S. Air Force Academy
Vail
Zion National Park
 
Answer Stats
Answer % Correct
Aspen
91%
Colorado River
89%
Colorado Springs
89%
Denver
87%
Boulder
86%
Four Corners
71%
Rocky Mountains
68%
Grand Junction
67%
U.S. Air Force Academy
61%
Pikes Peak
60%
Pueblo
60%
Vail
58%
Red Rocks
57%
Mesa Verde National Park
56%
Mount Elbert
56%
Arkansas River
50%
Great Sand Dunes National Park
49%
High Plains
46%
San Juan Mountains
43%
Rio Grande
36%
No matching quizzes found
Score Distribution
Percent of People with Each Score
Percentile by Number Answered
Your Score History
You have not taken this quiz